Impact test standards for glass (Record no. 104909)
[ view plain ]
| 000 -LEADER | |
|---|---|
| fixed length control field | 01095cam a2200253 4500 |
| 001 - CONTROL NUMBER | |
| control field | ##L131934 |
| 008 - FIXED-LENGTH DATA ELEMENTS--GENERAL INFORMATION | |
| fixed length control field | 051219n2005 000 0 eng u |
| 020 ## - INTERNATIONAL STANDARD BOOK NUMBER | |
| International Standard Book Number | 186081736X |
| 035 ## - SYSTEM CONTROL NUMBER | |
| System control number | (Sirsi) u131934 |
| 041 0# - LANGUAGE CODE | |
| Language code of text/sound track or separate title | eng |
| 050 04 - LIBRARY OF CONGRESS CALL NUMBER | |
| Classification number | 691.6 $2 18 |
| 100 1# - MAIN ENTRY--PERSONAL NAME | |
| Personal name | Garvin, S. |
| 245 00 - TITLE STATEMENT | |
| Title | Impact test standards for glass |
| Remainder of title | comparison of BS 6206 and BS EN 12600 |
| 260 ## - PUBLICATION, DISTRIBUTION, ETC. | |
| Place of publication, distribution, etc. | Watford |
| Name of publisher, distributor, etc. | BRE |
| Date of publication, distribution, etc. | 2005 |
| 300 ## - PHYSICAL DESCRIPTION | |
| Extent | 8p |
| Other physical details | ill, tables |
| Dimensions | 30cm |
| 490 #0 - SERIES STATEMENT | |
| Series statement | BRE Information Paper |
| Volume/sequential designation | IP 1/05 |
| 520 ## - SUMMARY, ETC. | |
| Summary, etc. | Describes the results of research carried out to determine the impact energy and forces exerted in static load and displacement tests specified in BS 6206 and its replacement BS EN 12600. The human impact on glass was also measured. Concludes that the introduction of BS EN 12600 should not affect the safety of glass used in buildings as regulated by the Building Regulations. |
| 650 24 - SUBJECT ADDED ENTRY--TOPICAL TERM | |
| Topical term or geographic name entry element | BUILDING REGULATIONS 1991 APPROVED DOCUMENT N (1998 EDITION) |
| 690 ## - LOCAL SUBJECT ADDED ENTRY--TOPICAL TERM (OCLC, RLIN) | |
| Topical term or geographic name as entry element | BUILT ENVIRONMENT-BUILDING STANDARDS |
| 700 1# - ADDED ENTRY--PERSONAL NAME | |
| Personal name | Newman, C. |
| 700 1# - ADDED ENTRY--PERSONAL NAME | |
| Personal name | Dillon, P. |
| 700 1# - ADDED ENTRY--PERSONAL NAME | |
| Personal name | Kelly, D. |
| 942 ## - ADDED ENTRY ELEMENTS (KOHA) | |
| Suppress in OPAC | 0 |
| Withdrawn status | Lost status | Source of classification or shelving scheme | Damaged status | Not for loan | Home library | Current library | Shelving location | Date acquired | Total Checkouts | Full call number | Barcode | Date last seen | Copy number | Price effective from | Koha item type |
|---|---|---|---|---|---|---|---|---|---|---|---|---|---|---|---|
| Dewey Decimal Classification | London | London | BRE publications | 19/12/2005 | ENQUIRY DESK | 30071805 | 06/08/2019 | 1 | 06/08/2019 | Book |